| 000 | 00994nam a2200205 a 4500 | ||
|---|---|---|---|
| 001 | 43785 | ||
| 005 | 20180714022425.0 | ||
| 008 | 140415s2000 000 0 eng d | ||
| 020 | _a0787951595 | ||
| 041 | _aeng | ||
| 082 |
_a658.312404 _bLEE |
||
| 100 | 1 | _aLEE, WILLIAM W. | |
| 245 | 1 | 0 |
_aMULTIMEDIA - BASED INSTRUCTIONAL DESIGN : _bCOMPUTER - BASED TRAININ WEB - BASED TRAINING DISTANCE BROADCAST TRAINING |
| 250 | _a1a ed. | ||
| 260 |
_a[s.l.] : _bJOSSEY-BASS/ PFEIFFER, _c2000 |
||
| 300 |
_a359 _cx 21 x 24 |
||
| 520 | _aTHIS BOOK MAKES A COMPELLING ARGUMENT THAT ALL TRAINING ESPCIALLY MULTIMEDIA TRAINING REQUIRES GOOD PLANNING, AND IHAVEN´T SEEN BETTER PLANNING TOOLS ANYWHERE IN ON PACKAGE. I PREDICT IT WILL BE THUMB-WORN BY DESIGNERS, DEVELOPERS , AND DELIVERS OF MULTIMEDIA TRAINING WHO WANT TO SAVE FRONT-END MONEY AND TIME. | ||
| 650 | 1 | 4 |
_aCOMPUTACION _xEMPLEADOS _xADIESTRAMIENTO _xMULTIMEDIA _xSISTEMAS DE ENSEANZA _xDISEO |
| 700 | 1 |
_aOWENS, DIANA L. _ecoaut. |
|
| 999 |
_c43785 _d43785 |
||